000 01058cam a2200205 4500
001 WB3938-19
008 031008n2003 000 0 eng u
035 _a(Sirsi) u123861
245 _aSmall scale regeneration projects can have long-term social impacts.
260 _c2003
490 _aPlanning (for the Natural and Built Environment)
_v3 October 2003, 5(1)
520 _aBarclays Sitesavers, a joint environmental programme between Barclays Bank and the charity Groundwork, has published a report on its research on 60 Sitesavers projects dating from 1996 and concludes that these projects have made a difference to the local environment. In addition to improving the physical appearance of the project sites, the report concludes that the projects had wider benefits in areas such as education and training.
590 _aWB
650 _aBARCLAYS SITESAVERS
650 _aGROUNDWORK
650 _aREGENERATION
690 _aREGENERATION
856 _uhttps://www.barclays-sitesavers.org.uk/latest-news/press-release-0309.html
942 _n0
999 _c73564
_d73564